Guía para el manejo y cría de la iguana verde : (Registro nro. 4222)

Detalles MARC
000 -CABECERA
Campo de control 00832nam a2200241 a 4500
005 - FECHA Y HORA DE LA ULTIMA TRANSACCION
Campo de control 20160107124659.0
008 - ELEMENTOS DE LONGITUD FIJA—INFORMACION GENERAL
Campo de control 140314s1997 ck ||||| |||| 00| 0 spa d
040 ## - FUENTE DE CATALOGACIÓN
Agencia catalogadora original CO-BoIAVH
Agencia transcriptora CO-BoIAVH
041 0# - IDIOMA
Código de idioma para texto/pista de sonido o título separado Español
044 ## - PAÍS DE PUBLICACIÓN
País de publicación Colombia
082 04 - NUMERO DE CLASIFICACION DECIMAL DEWEY
Número de clasificación 636
Número del ítem G64g
100 1# - ASIENTO PRINCIPAL--NOMBRE PERSONAL
Nombre personal González, Augusto
9 (RLIN) 21650
245 ## - MENCION DE TITULO
Título Guía para el manejo y cría de la iguana verde :
Parte restante del título Iguana iguana Linneo /
Mención de responsabilidad Augusto González & Virginia Ríos.
260 ## - PUBLICACION, DISTRIBUCION, ETC. (PIE DE IMPRENTA)
Lugar de publicación, distribución, etc. Bogotá :
Nombre del editor, distribuidor, etc. Convenio Andrés Bello :
-- ANCON,
Fecha de publicación, distribución, etc. 1997.
300 ## - DESCRIPCION FISICA
Extensión 46 páginas :
Otros detalles físicos ilustraciones ;
Dimensiones 27 cm.
500 ## - NOTA GENERAL
Nota general Título tomado de la caratula.
504 ## - NOTA DE BIBLIOGRAFIA, ETC.
Nota de bibliografía Incluye referencias bibliográficas.
650 14 - ASIENTO SECUNDARIO DE MATERIA - TERMINO TEMATICO
Término temático o nombre geográfico como elemento de entrada Cría de amimales
Subdivisión de forma Guías
9 (RLIN) 48094
650 14 - ASIENTO SECUNDARIO DE MATERIA - TERMINO TEMATICO
Término temático o nombre geográfico como elemento de entrada Cía de repties.
Subdivisión de forma Guías
9 (RLIN) 48095
700 1# - ASIENTO SECUNDARIO - NOMBRE PERSONAL
Nombre personal Ríos, Virginia
Término de relación autora
9 (RLIN) 21651
942 ## - ELEMENTOS ADICIONALES (KOHA)
Tipo de ítem Libro
Sistema de clasificación Dewey Decimal Classification
945 ## - PROCESAMIENTO LOCAL
AAAA-MM-DD - Fecha de ingreso o modificacion 2004-10-15
Existencias
Withdrawn status Lost status Sistema de Clasificación Damaged status No para préstamo Colección Inventariado Ubicación Permanente Ubicación actual Fecha de adquisición Fuente de Valor Valor Total Checkouts Número topográfico Inventario / Código de Barras Date last seen Ejemplar Price effective from Forma de adquisición Tipo de material
    Dewey Decimal Classification     General Inventariado 2017 Bogotá Bogotá 15/10/2004 Instituto 39000.00   LB-636 G64g 002217 04/12/2012 Ej. 1 04/12/2012   Libro
    Dewey Decimal Classification     General Inventariado 2017 Sala Fabio Quevedo Sala Fabio Quevedo 15/10/2004 Instituto 39000.00   LB-636 G64g 002216 04/12/2012 Ej. 2 04/12/2012 Donación Libro